000 00310nam a22001337a 4500
020 _qPB.
040 _cFIZZA ISHAQ
082 _a005.74
_bHON
100 _aHONG,
_989665
245 _aDATABASE SYSTEM FOR ADVANCE APPLICATION /
_cHONG.
260 _aNEW YORK ;
_c2016.
300 _a394 P. ;
942 _2ddc
_cBK
999 _c588289
_d588289